|
|
|
|
| LEADER |
00000cam a2200000 i 4500 |
| 001 |
1/87378 |
| 008 |
051013q19501960 gre d |
| 035 |
|
|
|l 10080804
|
| 040 |
|
|
|a GR-MY-UA
|b gre
|e aacr
|
| 041 |
0 |
|
|a gre
|
| 082 |
0 |
|
|a 248
|
| 100 |
1 |
|
|a Ροΐδης, Εμμανουήλ Δ.,
|d 1836-1904.
|
| 245 |
1 |
2 |
|a Η πάπισσα Ιωάννα /
|c Εμμανουήλ Δ. Ροίδου
|
| 260 |
|
|
|a Αθήναι :
|b Δαρεμάς,
|c [χ.χ.]
|
| 300 |
|
|
|a 179 σ.;
|c 21 εκ.
|
| 500 |
|
|
|a Με: Εσύ που γίνεσαι άνδρας / Jean Le Presbytre. - Τα κατά συνθήκην ψεύδη / Μαξ Νόρνταου. - Αυτοί δεν υπέκυψαν / F. George
|
| 500 |
|
|
|a Έκδοσις εκ του πρωτοτύπου
|
| 650 |
0 |
0 |
|a Greek literature.
|
| 650 |
0 |
0 |
|a Greek fiction, Modern.
|
| 852 |
|
|
|a INST
|b RHODES
|c KRI
|e 20051013
|h 248 VIE
|p 005400030831
|q 005400030831
|t BK
|y 0
|
| 901 |
|
|
|a BIBL4-2004-2
|
| 909 |
|
|
|a Ρ
|b 122143
|
| 970 |
|
|
|a ΚΟΖΑ
|b ΜΑΡΙΑ
|z 2005/10/13
|